Doors and windows /

Bibliographic Details
Corporate Author: Time-Life Books
Format: Book
Language:English
Published: Alexandria, Va. : Time-Life Books, 1982
Edition:4th printing, rev.
Series:Home repair and improvement.
Subjects:

MARC

Tag First Indicator Second Indicator Subfields
LEADER 00000cam a2200000 a 4500
001 in00000025680
005 20151007054433.0
008 860710c19821978vauaf 00110 eng d
010 |z 78001384  
020 |a 0809424088 
020 |a 080942407X (lib. bdg.) 
020 |a 0809424061 (retail ed.) 
035 |a (OCoLC)13847130 
035 |9 AAB5053AM 
040 |a IGA  |c IGA  |d m/c  |d TXA  |d UtOrBLW 
049 |a TXAM  |c [A11489442] 
050 4 |a TH2270  |b .T55 1984 
110 2 |a Time-Life Books. 
245 1 0 |a Doors and windows /  |c by the editors of Time-Life Books. 
250 |a 4th printing, rev. 
264 1 |a Alexandria, Va. :  |b Time-Life Books,  |c 1982 
264 4 |c ©1978 
300 |a 128 pages :  |b illustrations (some color) ;  |c 27 cm. 
336 |a text  |b txt  |2 rdacontent 
337 |a unmediated  |b n  |2 rdamedia 
338 |a volume  |b nc  |2 rdacarrier 
490 1 |a Home repair and improvement 
500 |a Includes index. 
650 0 |a Doors. 
650 0 |a Windows. 
830 0 |a Home repair and improvement. 
999 |a MARS 
999 f f |s be6e37a1-9c87-3359-bf4d-69714c8fe9e5  |i 5e1f785b-f571-3b6b-a827-64925e0e126c  |t 0 
952 f f |p normal  |a Texas A&M University  |b College Station  |c Sterling C. Evans Library  |d Evans: Library Stacks  |t 0  |e TH2270 .T55 1984  |h Library of Congress classification  |i unmediated -- volume  |m A14811489442 
998 f f |a TH2270 .T55 1984  |t 0  |l Evans: Library Stacks